000 00500cam a22001812 4500
001 0000000556
005 20151217151750.0
008 070209s xx 000 0 eng d
040 _aKABU
_cKABU
050 0 _aDT433.582
_b.097
245 1 0 _aOur president :
_ba typical working day.
260 _aNairobi :
_bTransafrica Press,
_c1990.
300 _a16 p.
600 1 0 _aMoi, Toroitich arap.
_@0000148782
908 _a070209
950 _@1
999 _c4801
_d4801